[Event "20th Vidmar Mem"]
[Site "Bled SLO"]
[Date "2016.06.28"]
[Round "5.3"]
[White "Ivanisevic, Ivan"]
[Black "Naiditsch, Arkadij"]
[Result "1/2-1/2"]
[WhiteTitle "GM"]
[BlackTitle "GM"]
[WhiteElo "2643"]
[BlackElo "2657"]
[WhiteFideId "912417"]
[BlackFideId "4650891"]
[EventDate "2016.06.24"]

1. d4 Nf6 2. c4 e6 3. Nc3 Bb4 4. Qc2 d5 5. a3 Bxc3+ 6. Qxc3 c5 7. dxc5 d4 8. Qg3
Nc6 9. Nf3 e5 10. b4 e4 11. Nd2 O-O 12. e3 a5 13. b5 Ne7 14. Be2 Be6 15. Bb2 Nf5
16. Qf4 Rc8 17. Rd1 Re8 18. h4 Rxc5 19. Nb3 Rc8 20. g4 d3 21. gxf5 Bxc4 22. Rg1
Bxb3 23. Rxg7+ Kxg7 24. Qg5+ Kf8 25. Qh6+ Kg8 26. Bxf6 d2+ 27. Kf1 Qxf6 28. Qxf6
Rc1 29. Qg5+ Kh8 30. Qf6+ Kg8 31. Qg5+ Kh8 32. Qf6+ Kg8 33. Bh5 Rec8 34. Qe7 h6
35. f6 Kh8 36. Qxe4 Bxd1 1/2-1/2

[Event "20th Vidmar Mem"]
[Site "Bled SLO"]
[Date "2016.06.28"]
[Round "5.4"]
[White "Volokitin, Andrei"]
[Black "Sebenik, Matej"]
[Result "1/2-1/2"]
[WhiteTitle "GM"]
[BlackTitle "GM"]
[WhiteElo "2624"]
[BlackElo "2530"]
[WhiteFideId "14107090"]
[BlackFideId "14602296"]
[EventDate "2016.06.24"]

1. e4 c5 2. Nf3 d6 3. d4 cxd4 4. Nxd4 Nf6 5. Nc3 g6 6. Be3 Bg7 7. f3 Nc6 8. Qd2
O-O 9. O-O-O d5 10. exd5 Nxd5 11. Nxc6 bxc6 12. Bd4 Bxd4 13. Qxd4 Qb6 14. Na4
Qc7 15. Nc5 Rd8 16. Bc4 Bf5 17. Bb3 Nf4 18. Qf2 Rxd1+ 19. Rxd1 Rd8 20. Re1 h5
21. g3 Nd5 22. a3 Qb6 23. Re2 e6 24. Rd2 Ne7 25. Rxd8+ Qxd8 26. Nb7 Qb8 27. Na5
g5 28. Qe3 Qb6 29. Qxb6 axb6 30. Nc4 Nc8 31. Ne5 c5 32. Bc4 Nd6 33. Be2 b5 34.
c4 bxc4 35. a4 Kf8 36. Nd7+ Ke7 37. Nxc5 e5 38. a5 Bd7 39. Ne4 f6 40. a6 Bc6 41.
Kd2 h4 42. Ke3 hxg3 43. hxg3 Bd5 44. g4 Nb5 45. Nd2 Nd6 46. Bd1 f5 47. gxf5
Nxf5+ 48. Kf2 Nd4 49. Ne4 Kd8 50. Nf6 Bc6 51. Ng4 Kc7 52. Nxe5 Bd5 53. Be2 Nxe2
54. Kxe2 Kb6 55. Ke3 Kxa6 56. Kd4 Bb7 57. Kc5 Ba8 58. Kxc4 Kb6 59. b4 Bb7 60. b5
Ba8 61. Kb4 Bd5 62. Nc4+ Kc7 63. Nd2 Kb6 64. Nc4+ Kc7 65. Nd2 Kb6 66. Ka4 Bb7
67. Nc4+ Kc5 68. Ne5 Kb6 69. Kb4 Bd5 70. Nc4+ 1/2-1/2

[Event "20th Vidmar Mem"]
[Site "Bled SLO"]
[Date "2016.06.29"]
[Round "6.1"]
[White "Skoberne, Jure"]
[Black "Beliavsky, Alexander G"]
[Result "1/2-1/2"]
[WhiteTitle "GM"]
[BlackTitle "GM"]
[WhiteElo "2572"]
[BlackElo "2603"]
[WhiteFideId "14604299"]
[BlackFideId "14602377"]
[EventDate "2016.06.24"]

1. d4 d5 2. Bf4 g6 3. e3 Bg7 4. Nf3 Nf6 5. c3 Nh5 6. Bg5 h6 7. Bh4 g5 8. Ne5 Nf6
9. Bg3 Ne4 10. Nd2 Nxg3 11. hxg3 Nd7 12. f4 Nxe5 13. dxe5 c6 14. Nf3 Qb6 15. Qd2
Bd7 16. Bd3 O-O-O 17. O-O-O f6 18. exf6 Bxf6 19. Qe2 gxf4 20. gxf4 Qc7 21. Rh5
Kb8 22. Rdh1 Bg4 23. Rxh6 e5 24. Rxh8 Rxh8 25. Rxh8+ Bxh8 26. Qf2 Bxf3 27. Qxf3
Bf6 28. Be2 Be7 29. g4 exf4 30. exf4 Bd6 31. f5 Bf4+ 32. Kc2 Qe5 33. Bd3 Bg5 34.
Qe2 Qxe2+ 35. Bxe2 b5 36. b3 Kc7 37. c4 dxc4 38. bxc4 Kd6 39. cxb5 cxb5 40. Bxb5
Ke5 41. Kc3 Kf6 42. Kd4 1/2-1/2

[Event "20th Vidmar Mem"]
[Site "Bled SLO"]
[Date "2016.06.29"]
[Round "6.2"]
[White "Sebenik, Matej"]
[Black "Kozul, Zdenko"]
[Result "0-1"]
[WhiteTitle "GM"]
[BlackTitle "GM"]
[WhiteElo "2530"]
[BlackElo "2594"]
[WhiteFideId "14602296"]
[BlackFideId "14502879"]
[EventDate "2016.06.24"]

1. d4 Nf6 2. c4 g6 3. Nf3 Bg7 4. g3 c6 5. Bg2 O-O 6. Nc3 d5 7. cxd5 cxd5 8. Ne5
Nc6 9. O-O e6 10. Bg5 h6 11. Nxc6 bxc6 12. Bf4 Nd7 13. Na4 Ba6 14. Rc1 Bb5 15.
Nc3 Qb6 16. Qd2 h5 17. Rfd1 a5 18. Bh6 a4 19. Bxg7 Kxg7 20. e4 Bc4 21. Bf3 Rfb8
22. Rc2 dxe4 23. Bxe4 Bd5 24. Qf4 Qd8 25. Rdc1 Rb7 26. Bd3 Qf6 27. Qxf6+ Nxf6
28. Rd1 Rb4 29. Bf1 Rab8 30. Rdd2 Ne4 31. Nxe4 Bxe4 32. Rc4 Rxb2 33. Rxb2 Rxb2
34. Rxa4 Rb1 35. Ra3 Bd5 36. Rc3 Rb4 37. Rd3 Bxa2 38. Rd2 Bd5 39. f4 Kf6 40. Kf2
h4 41. Bh3 g5 42. Ke3 gxf4+ 43. gxf4 Bc4 44. Bg4 Rb3+ 45. Kf2 Bd5 46. Ke2 Rc3
47. Kf2 Ke7 0-1

[Event "20th Vidmar Mem"]
[Site "Bled SLO"]
[Date "2016.06.29"]
[Round "6.3"]
[White "Naiditsch, Arkadij"]
[Black "Volokitin, Andrei"]
[Result "1/2-1/2"]
[WhiteTitle "GM"]
[BlackTitle "GM"]
[WhiteElo "2657"]
[BlackElo "2624"]
[WhiteFideId "4650891"]
[BlackFideId "14107090"]
[EventDate "2016.06.24"]

1. e4 c5 2. Nf3 d6 3. d4 cxd4 4. Nxd4 Nf6 5. Nc3 a6 6. g3 e5 7. Nb3 Be7 8. Bg2
O-O 9. O-O Nbd7 10. Bd2 Qc7 11. a4 Nb6 12. Bg5 Be6 13. f4 exf4 14. gxf4 Nc4 15.
Qc1 h6 16. Bh4 Nxe4 17. Bxe7 Nxc3 18. Qe1 Qxe7 19. Qxc3 Rac8 20. Nd4 Rc5 21.
Rae1 Qf6 22. Nxe6 fxe6 23. Qxf6 Rxf6 24. b3 Na3 25. b4 Rc7 26. Rxe6 Rxe6 27. Bd5
Kf8 28. Bxe6 Rxc2 29. Rd1 Ke7 30. Re1 Kf6 31. Bd7 Rc7 32. Bh3 Nc4 33. a5 d5 34.
Re6+ Kf7 35. f5 Re7 36. Bg2 Ne3 37. Rd6 Nxg2 1/2-1/2

[Event "20th Vidmar Mem"]
[Site "Bled SLO"]
[Date "2016.06.29"]
[Round "6.4"]
[White "Nisipeanu, Liviu-Dieter"]
[Black "Ivanisevic, Ivan"]
[Result "1/2-1/2"]
[WhiteTitle "GM"]
[BlackTitle "GM"]
[WhiteElo "2668"]
[BlackElo "2643"]
[WhiteFideId "1202758"]
[BlackFideId "912417"]
[EventDate "2016.06.24"]

1. e4 e5 2. Nf3 Nc6 3. Bc4 Nf6 4. d3 Be7 5. O-O O-O 6. h3 d6 7. a4 Be6 8. Bxe6
fxe6 9. a5 d5 10. Nbd2 a6 11. Qe2 Qe8 12. Nb3 Bd6 13. Bd2 Rd8 14. Rae1 h6 15. g3
Nd7 16. Kg2 Qf7 17. Nh2 Bb4 18. Bxb4 Nxb4 19. f4 Qg6 20. fxe5 dxe4 21. Qxe4
Qxe4+ 22. Rxe4 Rxf1 23. Kxf1 Nxc2 24. Ke2 c5 25. Nf3 Nb4 26. Nxc5 Nxc5 27. Rxb4
Rxd3 28. Rc4 Rd5 29. b4 Nd3 30. Rc7 1/2-1/2

[Event "20th Vidmar Mem"]
[Site "Bled SLO"]
[Date "2016.06.29"]
[Round "6.5"]
[White "Lenic, Luka"]
[Black "Borisek, Jure"]
[Result "1/2-1/2"]
[WhiteTitle "GM"]
[BlackTitle "GM"]
[WhiteElo "2624"]
[BlackElo "2576"]
[WhiteFideId "14603853"]
[BlackFideId "14603152"]
[EventDate "2016.06.24"]

1. Nf3 c5 2. c4 Nc6 3. d4 cxd4 4. Nxd4 Nf6 5. Nc3 e6 6. a3 Bc5 7. Nb3 Bb6 8. c5
Bc7 9. g3 b6 10. Bg2 bxc5 11. Nxc5 O-O 12. O-O Qe7 13. Nb5 Bxg3 14. hxg3 Qxc5
15. Nd6 Qh5 16. b4 Rb8 17. f3 a5 18. Be3 axb4 19. axb4 Rxb4 20. Ra8 Bb7 21.
Rxf8+ Kxf8 22. Nf5 Qxf5 23. Qd6+ Kg8 24. Bc5 h5 25. Bxb4 Nxb4 26. Qxb4 Bc6 27.
Qb8+ Kh7 28. Qb1 Qxb1 29. Rxb1 g5 30. Kf2 Kg6 31. Rc1 Ng8 32. Rc5 1/2-1/2

[Event "20th Vidmar Mem"]
[Site "Bled SLO"]
[Date "2016.06.30"]
[Round "7.1"]
[White "Borisek, Jure"]
[Black "Skoberne, Jure"]
[Result "0-1"]
[WhiteTitle "GM"]
[BlackTitle "GM"]
[WhiteElo "2576"]
[BlackElo "2572"]
[WhiteFideId "14603152"]
[BlackFideId "14604299"]
[EventDate "2016.06.24"]

1. e4 e6 2. d4 d5 3. Nd2 h6 4. Ngf3 Nf6 5. e5 Nfd7 6. Bd3 c5 7. c3 Nc6 8. O-O g5
9. a3 cxd4 10. cxd4 g4 11. Ne1 Nxd4 12. Qxg4 Nc6 13. f4 Nc5 14. Kh1 Nxd3 15.
Nxd3 Qb6 16. Qd1 Nd4 17. Nf3 Nf5 18. g4 Ne3 19. Bxe3 Qxe3 20. Qa4+ Bd7 21. Qd4
Qxd4 22. Nxd4 Rc8 23. Rad1 Rc4 24. Ne1 Bc5 25. Nef3 h5 26. g5 O-O 27. Rg1 Kg7
28. Rg3 Rc8 29. g6 f6 30. exf6+ Kxf6 31. b3 Rc3 32. Ne5 Bxd4 33. Nxd7+ Ke7 34.
Rxd4 Rxg3 35. hxg3 Kxd7 36. f5 exf5 37. Rxd5+ Ke6 38. Rb5 b6 39. Kh2 Rc5 40. Rb4
Kf6 41. Rd4 Kxg6 42. Rd7 Ra5 43. a4 Kf6 44. Kg2 Ke6 45. Rh7 Kd5 46. Rc7 Kd6 47.
Rf7 Ke6 48. Rh7 Kd5 49. Rc7 Kd6 50. Rf7 Kc5 51. Rxf5+ Kb4 52. Rf3 Rc5 53. Kh3
Rc1 54. Kh4 Rh1+ 55. Kg5 Rh3 56. Re3 a6 57. Kf4 a5 58. Kg5 Ka3 59. Kf4 Rh1 60.
Kg5 Rh2 61. Rf3 Rh3 62. Kf4 h4 63. g4 Rh1 64. Kg5 h3 65. Kh5 h2 66. Rh3 Rg1 67.
Rxh2 Kxb3 68. g5 Kxa4 69. g6 b5 70. Rh4+ b4 71. Rg4 Rh1+ 72. Kg5 Rh8 73. g7 Rg8
74. Kf6 Ka3 0-1

[Event "20th Vidmar Mem"]
[Site "Bled SLO"]
[Date "2016.06.30"]
[Round "7.2"]
[White "Ivanisevic, Ivan"]
[Black "Lenic, Luka"]
[Result "1/2-1/2"]
[WhiteTitle "GM"]
[BlackTitle "GM"]
[WhiteElo "2643"]
[BlackElo "2624"]
[WhiteFideId "912417"]
[BlackFideId "14603853"]
[EventDate "2016.06.24"]

1. d4 Nf6 2. c4 e6 3. Nc3 Bb4 4. Qc2 d5 5. a3 Bxc3+ 6. Qxc3 Ne4 7. Qc2 c5 8.
dxc5 Nc6 9. cxd5 exd5 10. e3 O-O 11. Nf3 Bf5 12. Bd3 Qa5+ 13. Nd2 Nxd2 14. Bxd2
Bxd3 15. Qxd3 Qxc5 16. Rc1 Qb6 17. Bc3 Rad8 18. Bd4 Nxd4 19. Qxd4 Qxd4 20. exd4
Rfe8+ 21. Kd2 Re7 22. Rc2 f6 23. Rhc1 Kf7 24. Rc7 Re8 25. a4 Ke6 26. Re1+ Kd6
27. Rexe7 Rxe7 28. Rxe7 Kxe7 29. Kc3 a5 1/2-1/2

[Event "20th Vidmar Mem"]
[Site "Bled SLO"]
[Date "2016.06.30"]
[Round "7.3"]
[White "Volokitin, Andrei"]
[Black "Nisipeanu, Liviu-Dieter"]
[Result "1/2-1/2"]
[WhiteTitle "GM"]
[BlackTitle "GM"]
[WhiteElo "2624"]
[BlackElo "2668"]
[WhiteFideId "14107090"]
[BlackFideId "1202758"]
[EventDate "2016.06.24"]

1. e4 c6 2. d4 d5 3. e5 Bf5 4. Nf3 e6 5. Be2 c5 6. Be3 cxd4 7. Nxd4 Ne7 8. O-O
Nbc6 9. Bb5 a6 10. Bxc6+ Nxc6 11. Nxf5 exf5 12. c3 Be7 13. Qd3 Nxe5 14. Qxf5 Nc4
15. Bc1 Qd7 16. Qxd7+ Kxd7 17. Nd2 Bf6 18. Rd1 Kc6 19. Nf3 Rhe8 20. Kf1 Re4 21.
Rb1 Rae8 22. b3 Nd6 23. Rb2 Nb5 24. Rc2 Nxc3 25. Bb2 d4 26. Nxd4+ Rxd4 27. Rxd4
Bxd4 28. Bxc3 Bxc3 29. Rxc3+ Kd6 30. Rd3+ Kc6 31. Rc3+ Kd6 1/2-1/2

[Event "20th Vidmar Mem"]
[Site "Bled SLO"]
[Date "2016.06.30"]
[Round "7.4"]
[White "Kozul, Zdenko"]
[Black "Naiditsch, Arkadij"]
[Result "0-1"]
[WhiteTitle "GM"]
[BlackTitle "GM"]
[WhiteElo "2594"]
[BlackElo "2657"]
[WhiteFideId "14502879"]
[BlackFideId "4650891"]
[EventDate "2016.06.24"]

1. d4 Nf6 2. c4 e6 3. g3 d5 4. Bg2 dxc4 5. Nf3 a6 6. O-O Nc6 7. Nc3 Rb8 8. e4
Be7 9. d5 exd5 10. exd5 Nb4 11. Ne5 Nd3 12. Nxd3 cxd3 13. Qxd3 O-O 14. Bf4 Bd6
15. Bxd6 Qxd6 16. Rfd1 Re8 17. h3 h5 18. a4 Re5 19. a5 Bf5 20. Qc4 Rbe8 21. Rac1
R8e7 22. b4 Qd7 23. Qh4 Re8 24. Kh2 Ne4 25. Bxe4 Bxe4 26. f4 R5e7 27. Qxh5 Bg6
28. Qg5 f6 29. Qg4 Bf5 30. Qf3 Bxh3 31. Qf2 Bg4 32. Re1 Qf5 33. Kg1 Qd3 34. Rxe7
Rxe7 35. Re1 Rxe1+ 36. Qxe1 Qd4+ 37. Kg2 Qxb4 38. Qe8+ Qf8 39. Qe4 Bd7 40. Qc4
Qf7 41. Kf2 Bf5 42. Ke3 Qe7+ 43. Kd4 Kh7 44. Qc5 Qd7 45. Qb4 Bc2 46. Kc4 Qc8 47.
Qc5 Bf5 48. Nd1 Kg6 49. Ne3 Qd7 50. Kc3 Be4 51. Kd2 Qa4 52. Ke1 Qa1+ 53. Kf2
Qb2+ 54. Kf1 Qb1+ 55. Kf2 Qb2+ 56. Kf1 Qd2 57. g4 Bd3+ 58. Kg1 Qe1+ 59. Kg2 Be4+
60. Kh3 Qh1+ 61. Kg3 Qf3+ 62. Kh2 Qxf4+ 63. Kh3 Qf3+ 64. Kh2 Qf2+ 0-1

[Event "20th Vidmar Mem"]
[Site "Bled SLO"]
[Date "2016.06.30"]
[Round "7.5"]
[White "Beliavsky, Alexander G"]
[Black "Sebenik, Matej"]
[Result "1/2-1/2"]
[WhiteTitle "GM"]
[BlackTitle "GM"]
[WhiteElo "2603"]
[BlackElo "2530"]
[WhiteFideId "14602377"]
[BlackFideId "14602296"]
[EventDate "2016.06.24"]

1. d4 Nf6 2. c4 e6 3. Nf3 d5 4. Nc3 Be7 5. Bg5 h6 6. Bh4 O-O 7. e3 b6 8. Bd3 Bb7
9. O-O Nbd7 10. Qe2 Ne4 11. Bg3 c5 12. cxd5 exd5 13. Ba6 Nxc3 14. bxc3 Bxa6 15.
Qxa6 Qc8 16. Qe2 Nf6 17. Rfc1 Qe6 18. a4 Rfc8 19. Qa6 Ne4 20. a5 bxa5 21. Qxa5
Qb6 22. Qxb6 axb6 23. Rxa8 Rxa8 24. dxc5 bxc5 25. c4 dxc4 26. Ne5 c3 27. f3 Nxg3
28. hxg3 Bd6 29. Nc4 Bxg3 30. Kf1 Ra2 31. Rxc3 Ra1+ 32. Ke2 Rg1 33. f4 Rxg2+ 34.
Kf3 Be1 35. Rc1 Rg3+ 36. Ke2 Bb4 37. Ne5 Rg2+ 38. Kf3 Rd2 39. Ra1 Rd8 40. Ra7
Rc8 41. Rb7 Ba5 42. Nc4 Bc3 43. Ke4 g6 44. Nd6 Rf8 45. Rc7 Bb4 46. Kf3 Kg7 47.
Ne4 Rd8 48. Nxc5 Bxc5 49. Rxc5 Rd2 50. Rc7 h5 51. Ra7 Kf6 52. Ra6+ Ke7 53. Ra7+
Rd7 54. Ra8 Kf6 55. Rg8 Re7 56. Kf2 Ra7 57. Kf3 Ra2 58. Rb8 Ra6 59. Rc8 Ra5 60.
Rc6+ Kg7 61. Rc7 g5 62. fxg5 Rxg5 63. Rc6 f6 64. Rc8 Rg6 65. Rc4 Kh6 66. Rf4 Kg5
67. Kg3 Rg7 68. Ra4 Re7 69. Kf3 Re5 70. Ra8 Rf5+ 71. Kg2 h4 72. Rg8+ Kh5 73. Re8
Re5 74. Rf8 Rf5 75. Re8 Kg4 76. Re4+ Kg5 77. Re8 Re5 1/2-1/2

[Event "20th Vidmar Mem"]
[Site "Bled SLO"]
[Date "2016.07.01"]
[Round "8.1"]
[White "Skoberne, Jure"]
[Black "Sebenik, Matej"]
[Result "1-0"]
[WhiteTitle "GM"]
[BlackTitle "GM"]
[WhiteElo "2572"]
[BlackElo "2530"]
[WhiteFideId "14604299"]
[BlackFideId "14602296"]
[EventDate "2016.06.24"]

1. d4 Nf6 2. Nf3 d5 3. Bf4 c5 4. e3 Nc6 5. Nbd2 Bg4 6. c3 e6 7. Qa4 Bxf3 8. Nxf3
Bd6 9. Ba6 bxa6 10. Qxc6+ Ke7 11. Qb7+ Nd7 12. Bxd6+ Kxd6 13. Qxa6+ Qb6 14. Qa3
Rab8 15. O-O-O Kc7 16. e4 dxe4 17. Ng5 Qc6 18. Rhe1 f5 19. dxc5 Ne5 20. Rd6 Qb5
21. Nxe6+ Kc8 22. Red1 Nd3+ 23. R1xd3 exd3 24. b4 Re8 25. Qxa7 1-0

[Event "20th Vidmar Mem"]
[Site "Bled SLO"]
[Date "2016.07.01"]
[Round "8.2"]
[White "Naiditsch, Arkadij"]
[Black "Beliavsky, Alexander G"]
[Result "1-0"]
[WhiteTitle "GM"]
[BlackTitle "GM"]
[WhiteElo "2657"]
[BlackElo "2603"]
[WhiteFideId "4650891"]
[BlackFideId "14602377"]
[EventDate "2016.06.24"]

1. e4 e5 2. Nf3 Nc6 3. Nc3 Nf6 4. Bb5 Nd4 5. Bc4 d6 6. Nxd4 exd4 7. Nd5 Nxd5 8.
Bxd5 c6 9. Bb3 g6 10. d3 Bg7 11. O-O a5 12. a4 O-O 13. f4 Be6 14. Bxe6 fxe6 15.
Qg4 Qd7 16. Bd2 d5 17. Rae1 Rf7 18. exd5 exd5 19. Re6 b5 20. axb5 cxb5 21. Rfe1
Re7 22. f5 gxf5 23. Rxe7 Qxe7 24. Qxf5 Qf7 25. Qg5 h6 26. Qh4 Qg6 27. Bxa5 Bf6
28. Qh3 Bg5 29. Bb4 Be3+ 30. Kh1 Ra7 31. Rf1 Rf7 32. Rf3 Qa6 33. Qg4+ Kh8 34.
Ba3 Rxf3 35. Qxf3 Qe6 36. Bc5 Kg7 37. g4 Qc8 38. b4 Qe6 39. Kg2 Kg6 40. c3 Kg5
41. h3 1-0

[Event "20th Vidmar Mem"]
[Site "Bled SLO"]
[Date "2016.07.01"]
[Round "8.3"]
[White "Nisipeanu, Liviu-Dieter"]
[Black "Kozul, Zdenko"]
[Result "1-0"]
[WhiteTitle "GM"]
[BlackTitle "GM"]
[WhiteElo "2668"]
[BlackElo "2594"]
[WhiteFideId "1202758"]
[BlackFideId "14502879"]
[EventDate "2016.06.24"]

1. c4 g6 2. g3 Bg7 3. Bg2 e5 4. Nc3 d6 5. d3 f5 6. e4 Nc6 7. Nge2 Nf6 8. O-O O-O
9. Nd5 Be6 10. Bg5 Qd7 11. Qd2 Nh5 12. exf5 Bxf5 13. b4 Rae8 14. b5 Nd8 15. Bxd8
Rxd8 16. Nec3 c6 17. Nb4 Rc8 18. a4 Nf6 19. a5 cxb5 20. Nxb5 d5 21. Nxd5 Nxd5
22. Bxd5+ Kh8 23. Qe3 Bh3 24. Rfb1 e4 25. dxe4 a6 26. Nc3 Rxc4 27. Rxb7 Qxb7 28.
Bxb7 Rxc3 29. Qb6 Rd3 30. Rc1 Bd4 31. Qb4 Bxf2+ 32. Kh1 Rb8 33. Qc4 Rdd8 34.
Qxa6 Bd4 35. e5 Bxe5 36. Bg2 Bxg2+ 37. Kxg2 Rb2+ 38. Kh3 Rdd2 39. Rc8+ Kg7 40.
Qa7+ Kh6 41. Qe3+ 1-0

[Event "20th Vidmar Mem"]
[Site "Bled SLO"]
[Date "2016.07.01"]
[Round "8.4"]
[White "Lenic, Luka"]
[Black "Volokitin, Andrei"]
[Result "0-1"]
[WhiteTitle "GM"]
[BlackTitle "GM"]
[WhiteElo "2624"]
[BlackElo "2624"]
[WhiteFideId "14603853"]
[BlackFideId "14107090"]
[EventDate "2016.06.24"]

1. d4 Nf6 2. c4 g6 3. Nc3 d5 4. cxd5 Nxd5 5. e4 Nxc3 6. bxc3 Bg7 7. Nf3 c5 8.
Be3 Qa5 9. Qd2 Nc6 10. Rb1 a6 11. Rc1 cxd4 12. cxd4 Qxd2+ 13. Kxd2 e6 14. h4 O-O
15. Bd3 h6 16. h5 g5 17. e5 Rd8 18. Nxg5 Nxd4 19. Bh7+ Kf8 20. Nxf7 Kxf7 21.
Rc7+ Kf8 22. Rd1 Nf5+ 23. Ke2 Rxd1 24. Bc5+ Ke8 25. Kxd1 Bxe5 26. Bg6+ Kd8 27.
Rh7 Bd4 28. Bxd4 Nxd4 29. Rxh6 e5 30. Rh8+ Ke7 31. f3 Ne6 32. h6 Nf8 33. Be4 Be6
34. h7 Bxa2 35. Rg8 Rd8+ 36. Kc2 Nxh7 37. Rg7+ Bf7 38. Rxh7 b5 39. g4 Rd6 40. g5
Kf8 41. Rh8+ Bg8 42. g6 Kg7 43. Rh5 Re6 44. Rh1 a5 45. Rd1 Re7 46. Rd8 Ra7 47.
Bd5 Bxd5 48. Rxd5 b4 49. Rxe5 a4 50. Re6 b3+ 51. Kb1 Rd7 52. Ra6 Rd4 53. Kb2 Rb4
54. Rc6 a3+ 55. Kxa3 b2 56. Kxb4 b1=Q+ 57. Kc5 Qf5+ 58. Kb6 Qxf3 59. Kb5 Qd5+
60. Kb6 Qd4+ 61. Ka6 Qb4 62. Rb6 Qc3 63. Ka7 Kh6 64. Kb7 Qg7+ 65. Ka6 Kg5 66.
Rc6 Kf5 67. Kb5 Qb2+ 68. Ka6 Ke4 69. Rb6 Qa1+ 70. Kb7 Kd5 71. Rb5+ Kd6 72. Rb6+
Kd7 73. Kb8 Qe5+ 74. Kb7 Qd4 75. Ra6 Qd5+ 76. Kb6 Kd6 77. g7 Qb3+ 0-1

[Event "20th Vidmar Mem"]
[Site "Bled SLO"]
[Date "2016.07.01"]
[Round "8.5"]
[White "Borisek, Jure"]
[Black "Ivanisevic, Ivan"]
[Result "0-1"]
[WhiteTitle "GM"]
[BlackTitle "GM"]
[WhiteElo "2576"]
[BlackElo "2643"]
[WhiteFideId "14603152"]
[BlackFideId "912417"]
[EventDate "2016.06.24"]

1. e4 e5 2. Nf3 Nc6 3. Bb5 a6 4. Ba4 Nf6 5. O-O Be7 6. d3 d6 7. c3 O-O 8. Re1
Nd7 9. d4 exd4 10. cxd4 Nb6 11. Bxc6 bxc6 12. Qc2 Bb7 13. Nbd2 a5 14. Nf1 Re8
15. Ng3 a4 16. Bd2 Nd7 17. Rad1 c5 18. d5 Bf8 19. Bc3 c6 20. dxc6 Bxc6 21. Qc1
h6 22. Qf4 Re6 23. Nf5 Nf6 24. Ng3 Qe8 25. Bxf6 Rxf6 26. Qc1 Re6 27. Nd2 Rb8 28.
b3 Rb4 29. f3 d5 30. Kh1 Qa8 31. Qc2 Qa6 32. Rc1 Qb7 33. Red1 Re8 34. exd5 Bxd5
35. Nge4 Rc8 36. Nc4 Bxe4 37. fxe4 Ra8 38. bxa4 Raxa4 39. Rb1 Rxb1 40. Qxa4 Qxe4 0-1

[Event "20th Vidmar Mem"]
[Site "Bled SLO"]
[Date "2016.07.03"]
[Round "9.1"]
[White "Ivanisevic, Ivan"]
[Black "Skoberne, Jure"]
[Result "1-0"]
[WhiteTitle "GM"]
[BlackTitle "GM"]
[WhiteElo "2643"]
[BlackElo "2572"]
[WhiteFideId "912417"]
[BlackFideId "14604299"]
[EventDate "2016.06.24"]

1. d4 d5 2. c4 c6 3. Nf3 Nf6 4. Nc3 dxc4 5. a4 Bf5 6. Ne5 Nbd7 7. Nxc4 Qc7 8.
Bg5 Ne4 9. Nxe4 Bxe4 10. f3 Bg6 11. g3 e5 12. Bh3 f6 13. Be3 Bf7 14. Qd3 Rd8 15.
O-O-O b5 16. Na3 Be7 17. Qc2 O-O 18. d5 Bxa3 19. dxc6 Nb6 20. Bxb6 Qxb6 21. bxa3
Rb8 22. Rd3 Bc4 23. Rc3 a6 24. Bd7 g6 25. Rd1 Kg7 26. Qb2 Qc5 27. Qb4 Qxb4 28.
axb4 1-0

[Event "20th Vidmar Mem"]
[Site "Bled SLO"]
[Date "2016.07.03"]
[Round "9.2"]
[White "Volokitin, Andrei"]
[Black "Borisek, Jure"]
[Result "1/2-1/2"]
[WhiteTitle "GM"]
[BlackTitle "GM"]
[WhiteElo "2624"]
[BlackElo "2576"]
[WhiteFideId "14107090"]
[BlackFideId "14603152"]
[EventDate "2016.06.24"]

1. e4 e5 2. Nf3 Nc6 3. Bb5 a6 4. Ba4 Nf6 5. O-O Be7 6. Re1 b5 7. Bb3 d6 8. c3
O-O 9. h3 Bb7 10. d4 Re8 11. Nbd2 exd4 12. cxd4 Nd7 13. Nf1 Bf6 14. Qd2 a5 15.
N1h2 a4 16. Bc2 h5 17. a3 Nf8 18. Qd3 Ba6 19. Bd2 b4 20. Qe3 b3 21. Bd3 Bxd3 22.
Qxd3 Ne7 23. Qb5 g6 24. Ng5 Qd7 25. Qd3 c5 26. Nhf3 cxd4 27. Nxd4 Nc6 28. Nxc6
Qxc6 29. Qf3 Nd7 30. Rac1 Qb5 31. Rc7 Bxg5 32. Bxg5 Rac8 33. Rec1 Rxc7 34. Rxc7
Qxg5 35. Rxd7 Re7 36. Rd8+ Kh7 37. Qc3 Qe5 38. Qxe5 1/2-1/2

[Event "20th Vidmar Mem"]
[Site "Bled SLO"]
[Date "2016.07.03"]
[Round "9.3"]
[White "Kozul, Zdenko"]
[Black "Lenic, Luka"]
[Result "1/2-1/2"]
[WhiteTitle "GM"]
[BlackTitle "GM"]
[WhiteElo "2594"]
[BlackElo "2624"]
[WhiteFideId "14502879"]
[BlackFideId "14603853"]
[EventDate "2016.06.24"]

1. d4 Nf6 2. c4 e6 3. g3 d5 4. Bg2 Be7 5. Nf3 O-O 6. O-O c6 7. Qc2 b6 8. Nbd2
Bb7 9. e4 Na6 10. e5 Nd7 11. a3 c5 12. dxc5 bxc5 13. Re1 Rb8 14. h4 Qb6 15. cxd5
Bxd5 16. Nc4 Qb3 17. Qxb3 Rxb3 18. Nfd2 Rbb8 19. Bxd5 exd5 20. e6 Nb6 21. exf7+
Rxf7 22. Ne5 Rf6 23. b4 Re6 24. Ndf3 Bf6 25. Bg5 Rbe8 26. Bxf6 Rxf6 27. bxc5
Nxc5 28. Nd4 Ne4 29. Nd3 Rc8 30. Nf4 Rc4 31. Rad1 Rf8 32. Nde6 Re8 33. Nd4 Rf8
34. Kg2 Ra4 35. Nc2 Nf6 36. Rd3 Re4 37. Rxe4 dxe4 38. Rd4 Nbd7 39. Ra4 Ra8 40.
Ra5 Ng4 41. Ne6 Nde5 42. Ra4 Rc8 43. Ncd4 Ra8 44. Nf5 g6 45. Ne3 Nxe3+ 46. fxe3
Rc8 47. Rxe4 Rc2+ 48. Kh3 Nf3 49. Rf4 Ng1+ 50. Kg4 h5+ 51. Kg5 Nh3+ 52. Kxg6
Nxf4+ 53. gxf4 Re2 54. f5 Rxe3 55. a4 Re4 56. a5 Rxh4 57. f6 Rg4+ 58. Kxh5 Rg1
59. Ng5 a6 60. Kg6 1/2-1/2

[Event "20th Vidmar Mem"]
[Site "Bled SLO"]
[Date "2016.07.03"]
[Round "9.4"]
[White "Beliavsky, Alexander G"]
[Black "Nisipeanu, Liviu-Dieter"]
[Result "0-1"]
[WhiteTitle "GM"]
[BlackTitle "GM"]
[WhiteElo "2603"]
[BlackElo "2668"]
[WhiteFideId "14602377"]
[BlackFideId "1202758"]
[EventDate "2016.06.24"]

1. d4 Nf6 2. c4 e6 3. Nf3 d5 4. Nc3 Bb4 5. Bg5 dxc4 6. e4 h6 7. Bxf6 Qxf6 8.
Bxc4 c5 9. e5 Qd8 10. d5 exd5 11. Bxd5 Bxc3+ 12. bxc3 O-O 13. O-O Nc6 14. Bxc6
bxc6 15. Qa4 Qd3 16. Qxc6 Bg4 17. Rfe1 Qxc3 18. Rac1 Qb2 19. Qa4 Bxf3 20. gxf3
Rac8 21. Qb3 Qd2 22. Qe3 Qxa2 23. Rxc5 Rxc5 24. Qxc5 a5 25. Kg2 a4 26. Re3 Qe6
27. Qc2 Ra8 28. Ra3 Qg6+ 29. Qxg6 fxg6 30. f4 Kf7 31. Kf3 Ke6 32. Ke4 Ra7 33. h4
h5 34. Rg3 a3 35. Rxg6+ Kf7 36. Rg1 a2 37. Ra1 g6 38. f5 Ra4+ 39. Kd5 gxf5 40.
Kd6 f4 41. f3 Ra5 42. e6+ Ke8 43. e7 Ra6+ 44. Ke5 Kxe7 45. Kf5 Ra5+ 46. Kg6 Ke6 0-1